<?xml version="1.0" encoding="UTF-8"?>
<record
    xmlns:xsi="http://www.w3.org/2001/XMLSchema-instance"
    xsi:schemaLocation="http://www.loc.gov/MARC21/slim http://www.loc.gov/standards/marcxml/schema/MARC21slim.xsd"
    xmlns="http://www.loc.gov/MARC21/slim">

  <leader>00366nam a2200145Ia 4500</leader>
  <controlfield tag="008">191201s2010    xx            000 0 und d</controlfield>
  <datafield tag="020" ind1=" " ind2=" ">
    <subfield code="a">9788177226096</subfield>
  </datafield>
  <datafield tag="082" ind1=" " ind2=" ">
    <subfield code="a">005.133</subfield>
    <subfield code="b">HOV</subfield>
  </datafield>
  <datafield tag="100" ind1=" " ind2=" ">
    <subfield code="a">HOLZNER, Steven</subfield>
  </datafield>
  <datafield tag="245" ind1=" " ind2="0">
    <subfield code="a">Visual Basic 6 Programming Black Book</subfield>
  </datafield>
  <datafield tag="260" ind1=" " ind2=" ">
    <subfield code="a">New Delhi</subfield>
    <subfield code="b">Wiley Dream Tech</subfield>
    <subfield code="c">2010</subfield>
  </datafield>
  <datafield tag="300" ind1=" " ind2=" ">
    <subfield code="a">1247</subfield>
  </datafield>
  <datafield tag="650" ind1=" " ind2=" ">
    <subfield code="a">MCA</subfield>
  </datafield>
  <datafield tag="942" ind1=" " ind2=" ">
    <subfield code="2">ddc</subfield>
    <subfield code="c">BK</subfield>
  </datafield>
  <datafield tag="999" ind1=" " ind2=" ">
    <subfield code="c">6393</subfield>
    <subfield code="d">6393</subfield>
  </datafield>
  <datafield tag="952" ind1=" " ind2=" ">
    <subfield code="0">0</subfield>
    <subfield code="1">0</subfield>
    <subfield code="2">ddc</subfield>
    <subfield code="4">0</subfield>
    <subfield code="7">0</subfield>
    <subfield code="8">MCA</subfield>
    <subfield code="a">PIET</subfield>
    <subfield code="b">PIET</subfield>
    <subfield code="d">2015-05-29</subfield>
    <subfield code="e">PANKAJ BOOK DEPOT PANIPAT</subfield>
    <subfield code="g">599.00</subfield>
    <subfield code="k">AS390</subfield>
    <subfield code="l">0</subfield>
    <subfield code="o">005.133 HOV</subfield>
    <subfield code="p">26840</subfield>
    <subfield code="r">2019-12-04 00:00:00</subfield>
    <subfield code="v">449.25</subfield>
    <subfield code="w">2015-05-25</subfield>
    <subfield code="y">BK</subfield>
  </datafield>
  <datafield tag="952" ind1=" " ind2=" ">
    <subfield code="0">0</subfield>
    <subfield code="1">0</subfield>
    <subfield code="2">ddc</subfield>
    <subfield code="4">0</subfield>
    <subfield code="7">0</subfield>
    <subfield code="8">MCA</subfield>
    <subfield code="a">PIET</subfield>
    <subfield code="b">PIET</subfield>
    <subfield code="d">2015-05-29</subfield>
    <subfield code="e">PANKAJ BOOK DEPOT PANIPAT</subfield>
    <subfield code="g">599.00</subfield>
    <subfield code="k">AS390</subfield>
    <subfield code="l">0</subfield>
    <subfield code="o">005.133 HOV</subfield>
    <subfield code="p">26841</subfield>
    <subfield code="r">2019-12-04 00:00:00</subfield>
    <subfield code="v">449.25</subfield>
    <subfield code="w">2015-05-25</subfield>
    <subfield code="y">BK</subfield>
  </datafield>
  <datafield tag="952" ind1=" " ind2=" ">
    <subfield code="0">0</subfield>
    <subfield code="1">0</subfield>
    <subfield code="2">ddc</subfield>
    <subfield code="4">0</subfield>
    <subfield code="7">0</subfield>
    <subfield code="8">MCA</subfield>
    <subfield code="a">PIET</subfield>
    <subfield code="b">PIET</subfield>
    <subfield code="d">2015-05-29</subfield>
    <subfield code="e">PANKAJ BOOK DEPOT PANIPAT</subfield>
    <subfield code="g">599.00</subfield>
    <subfield code="k">AS390</subfield>
    <subfield code="l">1</subfield>
    <subfield code="o">005.133 HOV</subfield>
    <subfield code="p">26842</subfield>
    <subfield code="r">2025-03-13 00:00:00</subfield>
    <subfield code="s">2022-01-21</subfield>
    <subfield code="v">449.25</subfield>
    <subfield code="w">2015-05-25</subfield>
    <subfield code="y">BK</subfield>
    <subfield code="z">.</subfield>
  </datafield>
  <datafield tag="952" ind1=" " ind2=" ">
    <subfield code="0">0</subfield>
    <subfield code="1">0</subfield>
    <subfield code="2">ddc</subfield>
    <subfield code="4">0</subfield>
    <subfield code="7">0</subfield>
    <subfield code="8">MCA</subfield>
    <subfield code="a">PIET</subfield>
    <subfield code="b">PIET</subfield>
    <subfield code="d">2015-05-29</subfield>
    <subfield code="e">PANKAJ BOOK DEPOT PANIPAT</subfield>
    <subfield code="g">599.00</subfield>
    <subfield code="k">AS390</subfield>
    <subfield code="l">0</subfield>
    <subfield code="o">005.133 HOV</subfield>
    <subfield code="p">26843</subfield>
    <subfield code="r">2019-12-04 00:00:00</subfield>
    <subfield code="v">449.25</subfield>
    <subfield code="w">2015-05-25</subfield>
    <subfield code="y">BK</subfield>
  </datafield>
</record>
